000 02646nam a2200277 a 4500
001 000048263
005 20201002061029.0
008 181210s2015 dr a 000 0 spa d
020 _a9789945589979
040 _aDO-SdBNP
_bspa
_cBNPHU
082 _axxx
_bC957
100 1 _aCruz, Carina de la
_d1997-
_975697
245 1 0 _aVidas diferentes. /
_cCarina de la Cruz.
246 1 2 _aVidas diferentes :
_bcambiando vidas, creando conciencia, plasmando historias /
260 _aSanto Domingo, :
_bSantuario,
_c2015.
300 _a109 p. :
_bil. ;
_c23 cm.
504 _aBibliografía p: 109
505 0 _tDedicatoria --
_tAgradecimientos --
_tPara empezar --
_gCapítulo 1: Un carácter problemático --
_tInestabilidades --
_t¿Cómo cambiar mi mal humor y mi odiosidad? --
_tEl peor enemigo --
_tLas maldiciones --
_tUn muy triste pasado /
505 0 _gCapítulo 2: Cosas que pasan en la vida --
_tUna vida sin sentido --
_tLa gran pregunta --
_tUna poderosa confusión --
_tLa depresión --
_t¿Cómo combatir la depresión? --
_tLos amigos --
_t¿Quién es mi amigo? --
_tLos enemigos --
_t¡Qué difícil! --
_tDoble vida. Doble moral --
_tUna pieza mal colocada --
_tMe quiero tal y como soy /
505 0 _gCapítulo 3: Pasiones peligrosas --
_tAmigos con derecho --
_tErrores pasados --
_tLascivia --
_tCómo cambiar mi manera de pensar --
_tLos celos --
_t¿cómo combatir los celos? --
_tMis celos enfermisos --
_tEl homosexualismo --
_tEl relato de las ciudades perdidas --
_tEx homosexual --
_tInfidelidades --
_tSu traición --
_t¿Por qué debo esperar? --
_tFiestas que van contra DIOS --
_tEl carnaval --
_tHalloween --
_tLa pornografía --
505 0 _gCapítulo 4: Adicciones peligrosas --
_tLas drogas eran mi vida --
_tLas redes sociales --
_tUn dato --
_tLo que los jóvenes opinan --
_tMi adicción a la pornografía /
505 0 _gCapítulo 5: Abusos --
_tcicatrices --
_tEl dolor de crecer --
_tLa máscara --
_tMi dolor más grande --
_ttodo obra para bien /
505 0 _aCapítulo 6: Mi amor verdadero --
_tEl amor --
_tLa pareja perfecta --
_tEl amor está en riesgo --
_tLos príncipes --
_tLas cualidades de los príncipes --
_tamor a primera vista --
_tVerdad o cierto --
_tEn los zapatos ajenos --
_tLa distancia --
_t¿Como mantener una relación a distancia? --
_tEstoy preparado para casarme /
505 0 _gCapítulo 7: Somos algo más --
_tTipos de cristianos --
_t¿Qué es ser cristiano para mí? --
_tCreer o no creer --
_tMás que una religión --
_t¿Cuál es la religión verdadera? --
_tMás que un simple llamado --
_tLa vida pasada --
_tMás que aburridos --
_tMás que una perla --
_tTodo está claro --
_tBibliografía /
590 _aInventariado, 2019/ YL
999 _c47751
_d47751